00761nam a2200205Ia 450000500170000000800410001702000230005804000140008108200130009510000250010810000180013324500430015125000180019426000460021230000450025850001420030352100320044565000450047770000330052220230927104057.0220630s9999 xx 000 0 AFR d a9781775610113qpbk aRDAc3228 aAJF BEHA aBeharilal, Manichand aWallace, Thea 0aNaledi vertel van die dorstige kraai / aFirst edition aCenturion;bQualibooks Publishing;c2017. a43 pages;bcolour illustrations;c21 cm. aAfrikaans translation from the English of: Naledi tells about the thirsty crow. Also available in other official South African languages. aJuvenilebtitle of the book aChildren's stories, AfrikaanszCenturion aBarendse, Odineeillustrator